000 00492nam a2200181Ia 4500
003 GCL
008 140319s9999 xx 000 0 eng d
040 _aGCL /
_cGCL
082 0 4 _a620.00151535
_bB A
100 1 _aBANERJEE, P.K
245 1 0 _aADVANCED DYNAMIC ANALYSIS BY BOUNDRY ELEMENT METHODS /
_cBANERJEE, P.K
700 1 _aKABAYASHI, S
260 _a[S.N] :
_bMACMILLAN PUBLISHING COMPANY ،
_c1992
300 _a410 P
650 0 4 _aSCIENCE
650 0 4 _aDYNAMICS
942 _2ddc
_cBK
999 _c14706
_d14706